| 000 | 005330000a22001570004500 | ||
|---|---|---|---|
| 003 | MACL | ||
| 005 | 20180220163737.0 | ||
| 008 | 180220b xxu||||| |||| 00| 0 eng d | ||
| 040 | _cmacl | ||
| 100 |
_aमेकबीन ,रेचल _970489 |
||
| 245 | _aपढो अौर रंग भरो ममा वतख सर्कस मे | ||
| 260 |
_bदिल्ली _cस्कॉलास्टिक इंडिया _a2005 |
||
| 350 | _a20 | ||
| 650 |
_aबालकक्ष _970490 |
||
| 942 |
_cHIN _k741.642 _2ddc |
||
| 999 |
_c19089 _d19089 |
||